BIBLIOTECA

SENCICO

Que es el Feng Shui : Arquitectura, urbanismo, interiorismo (Registro nro. 2570)

Detalles MARC
000 -LEADER
fixed length control field 00641nam a2200181Ia 4500
005 - DATE AND TIME OF LATEST TRANSACTION
control field 20251020182546.0
008 - FIXED-LENGTH DATA ELEMENTS--GENERAL INFORMATION
fixed length control field 200515s9999 xx 000 0 und d
082 ## - DEWEY DECIMAL CLASSIFICATION NUMBER
Classification number 747:728.86/L70
100 ## - MAIN ENTRY--PERSONAL NAME
Personal name LIP, Evelyn
245 #0 - TITLE STATEMENT
Title Que es el Feng Shui : Arquitectura, urbanismo, interiorismo
260 ## - PUBLICATION, DISTRIBUTION, ETC.
Place of publication, distribution, etc. Barcelona
260 ## - PUBLICATION, DISTRIBUTION, ETC.
Date of publication, distribution, etc. 1999
300 ## - PHYSICAL DESCRIPTION
Extent 63
520 ## - SUMMARY, ETC.
Summary, etc. Ofrece un análisis inteligente y riguroso de esta antiquísima disciplina, pero lo hace de un modo absolutamente accesible para todo tipo de lectores, diseñadores, arquitectos, ingenieros, pequeñas y grandes compañías
650 ## - SUBJECT ADDED ENTRY--TOPICAL TERM
Topical term or geographic name entry element FENG SHUI
650 ## - SUBJECT ADDED ENTRY--TOPICAL TERM
Topical term or geographic name entry element LIB
942 ## - ADDED ENTRY ELEMENTS (KOHA)
Koha item type Libros
Existencias
Fecha de la última vez que lo usaron Pago total Signatura topográfica completa Código de barras Precio efectivo desde Tipo de documento Estado perdido Estado dañado No es para préstamo Retirado Ubicación permanente Ubicación actual Fecha de adquisición
15/05/2020   747:728.86/L70 Bib-Lima15052570 15/05/2020 Libros         Biblioteca Central Lima Biblioteca Central Lima 15/05/2020